| 000 | 00720nam a2200217 a 4500 | ||
|---|---|---|---|
| 001 | 18703 | ||
| 003 | CO-ViMGA | ||
| 008 | 141112s2004 ck r 000 u spa d | ||
| 020 | _a0195216016 | ||
| 040 |
_aCO-ViMGA _bspa _cCO-ViMGA |
||
| 082 | 0 | 4 | _a305.56 N171 |
| 100 | 1 |
_aNarayan, Deepa _926630 |
|
| 245 | 1 | 0 |
_aLa Voz de los Pobres : _bHay alguien que nos escuche? |
| 260 |
_aBarcelona : _bEditorial Banco Mundial; 2000 |
||
| 300 | _a300 p. | ||
| 500 | _aEstudios de Evaluacion de la pobreza con la participacion de los afectados. | ||
| 590 | _aForma de adquisición : Premio Min - cultura | ||
| 650 | 1 | 4 |
_aPOBRES - ASPECTOS SOCIOECONOMICOS _926631 |
| 650 | 1 | 4 |
_aPOBREZA - ASISTENCIA SOCIAL _926632 |
| 942 |
_2ddc _cBK |
||
| 999 |
_c27938 _d27938 |
||